00503nam a2200193 a 4500001001300000003000900013005001700022008004100039020000800080082001600088100001800104245004600122260004300168300000900211500003500220505001000255650002600265700001800291nice12345678IN_TiNIC20260116011419.0050524s1962 lona grp 000 0 eng  ac000a909.07bATI aAtiya, Aziz S aCrusadeb Historiography and Bibliography aLondonbOxford University Press c1962 a170p aincludes index and biblioraphy2 aindex aCrusades-bibliography1 aAtiya, Aziz S